<?xml version="1.0" encoding="UTF-8"?>
<record
    xmlns:xsi="http://www.w3.org/2001/XMLSchema-instance"
    xsi:schemaLocation="http://www.loc.gov/MARC21/slim http://www.loc.gov/standards/marcxml/schema/MARC21slim.xsd"
    xmlns="http://www.loc.gov/MARC21/slim">

  <leader>02370cam a2200649   4500</leader>
  <datafield tag="999" ind1=" " ind2=" ">
    <subfield code="c">23382</subfield>
    <subfield code="d">23382</subfield>
  </datafield>
  <controlfield tag="001">vtls011877190</controlfield>
  <controlfield tag="005">20221006112323.0</controlfield>
  <controlfield tag="008">210701s2019    xo oa  grh    000 faslo  </controlfield>
  <datafield tag="020" ind1=" " ind2=" ">
    <subfield code="a">9788089666737</subfield>
    <subfield code="q">(viazan&#xE9;)</subfield>
  </datafield>
  <datafield tag="035" ind1=" " ind2=" ">
    <subfield code="a">urn:nbn:sk:snk-am00fgng</subfield>
  </datafield>
  <datafield tag="035" ind1=" " ind2=" ">
    <subfield code="a">urn:nbn:sk:snk-am3isyw</subfield>
  </datafield>
  <datafield tag="035" ind1=" " ind2=" ">
    <subfield code="a">5BAB0E8E-3A13-4E11-A7CF-8223B1E48AE8</subfield>
  </datafield>
  <datafield tag="040" ind1=" " ind2=" ">
    <subfield code="a">PPPK</subfield>
    <subfield code="b">slo</subfield>
    <subfield code="c">PPPK</subfield>
    <subfield code="d">SNK</subfield>
    <subfield code="e">rda</subfield>
  </datafield>
  <datafield tag="041" ind1="1" ind2=" ">
    <subfield code="a">slo</subfield>
    <subfield code="h">ger</subfield>
  </datafield>
  <datafield tag="044" ind1=" " ind2=" ">
    <subfield code="a">xo</subfield>
    <subfield code="c">SK</subfield>
  </datafield>
  <datafield tag="072" ind1=" " ind2="7">
    <subfield code="a">929</subfield>
    <subfield code="x">Biografie</subfield>
    <subfield code="2">konspekt</subfield>
  </datafield>
  <datafield tag="080" ind1=" " ind2=" ">
    <subfield code="a">101-055.2</subfield>
    <subfield code="2">2011</subfield>
  </datafield>
  <datafield tag="080" ind1=" " ind2=" ">
    <subfield code="a">929</subfield>
    <subfield code="2">2011</subfield>
  </datafield>
  <datafield tag="080" ind1=" " ind2=" ">
    <subfield code="a">(=411.16)</subfield>
    <subfield code="2">2011</subfield>
  </datafield>
  <datafield tag="080" ind1=" " ind2=" ">
    <subfield code="a">323.12"1939/1945"</subfield>
    <subfield code="2">2011</subfield>
  </datafield>
  <datafield tag="080" ind1=" " ind2=" ">
    <subfield code="a">[323.28:329.17]-058.6</subfield>
    <subfield code="2">2001</subfield>
  </datafield>
  <datafield tag="080" ind1=" " ind2=" ">
    <subfield code="a">2-36-055.2</subfield>
    <subfield code="2">2011</subfield>
  </datafield>
  <datafield tag="080" ind1=" " ind2=" ">
    <subfield code="a">(430)</subfield>
    <subfield code="2">2011</subfield>
  </datafield>
  <datafield tag="080" ind1=" " ind2=" ">
    <subfield code="a">(092)</subfield>
    <subfield code="2">2011</subfield>
  </datafield>
  <datafield tag="100" ind1="1" ind2=" ">
    <subfield code="a">Stein, Edith,</subfield>
    <subfield code="c">sv&#xE4;t&#xE1;,</subfield>
    <subfield code="d">1891-1942</subfield>
    <subfield code="4">aut</subfield>
    <subfield code="9">3567</subfield>
  </datafield>
  <datafield tag="240" ind1="1" ind2="0">
    <subfield code="a">Aus dem Leben einer j&#xFC;dischen Familie</subfield>
    <subfield code="l">Slovensky</subfield>
  </datafield>
  <datafield tag="245" ind1="1" ind2="0">
    <subfield code="a">Pr&#xED;beh jednej &#x17E;idovskej rodiny</subfield>
    <subfield code="b">(autobiografia)</subfield>
    <subfield code="c">Edita Steinov&#xE1; ; z nemeck&#xE9;ho origin&#xE1;lu Edith Stein Aus dem Leben einer j&#xFC;dischen Familie prelo&#x17E;il, pozn&#xE1;mky a stru&#x10D;n&#xFD; &#x17E;ivotopis nap&#xED;sal Milan Krankus</subfield>
  </datafield>
  <datafield tag="250" ind1=" " ind2=" ">
    <subfield code="a">Prv&#xE9; slovensk&#xE9; vydanie</subfield>
  </datafield>
  <datafield tag="264" ind1=" " ind2="1">
    <subfield code="a">Bratislava</subfield>
    <subfield code="b">Eur&#xF3;pa</subfield>
    <subfield code="c">2019</subfield>
  </datafield>
  <datafield tag="300" ind1=" " ind2=" ">
    <subfield code="a">269 str&#xE1;n</subfield>
    <subfield code="b">fotografie, ilustr&#xE1;cie</subfield>
    <subfield code="c">24 cm</subfield>
  </datafield>
  <datafield tag="336" ind1=" " ind2=" ">
    <subfield code="a">text</subfield>
    <subfield code="b">txt</subfield>
    <subfield code="2">rdacontent</subfield>
  </datafield>
  <datafield tag="337" ind1=" " ind2=" ">
    <subfield code="a">bez m&#xE9;dia</subfield>
    <subfield code="b">n</subfield>
    <subfield code="2">rdamedia</subfield>
  </datafield>
  <datafield tag="338" ind1=" " ind2=" ">
    <subfield code="a">zv&#xE4;zok</subfield>
    <subfield code="b">nc</subfield>
    <subfield code="2">rdacarrier</subfield>
  </datafield>
  <datafield tag="490" ind1="1" ind2=" ">
    <subfield code="a">Auris</subfield>
    <subfield code="v">Zv&#xE4;zok XIII.</subfield>
  </datafield>
  <datafield tag="500" ind1=" " ind2=" ">
    <subfield code="a">Publik&#xE1;ciu z verejn&#xFD;ch zdrojov podporil Fond na podporu umenia</subfield>
  </datafield>
  <datafield tag="600" ind1="1" ind2="7">
    <subfield code="a">Stein, Edith,</subfield>
    <subfield code="c">sv&#xE4;t&#xE1;,</subfield>
    <subfield code="d">1891-1942</subfield>
    <subfield code="2">SNKMA</subfield>
    <subfield code="9">3567</subfield>
  </datafield>
  <datafield tag="648" ind1=" " ind2="7">
    <subfield code="a">19.-20. storo&#x10D;ie</subfield>
    <subfield code="2">SNKPH</subfield>
    <subfield code="9">2202</subfield>
  </datafield>
  <datafield tag="648" ind1=" " ind2="7">
    <subfield code="a">19th-20th centuries</subfield>
    <subfield code="2">SNKPHeng</subfield>
    <subfield code="9">3568</subfield>
  </datafield>
  <datafield tag="650" ind1="0" ind2="7">
    <subfield code="a">filozofky</subfield>
    <subfield code="2">SNKPH</subfield>
    <subfield code="9">3569</subfield>
  </datafield>
  <datafield tag="650" ind1="0" ind2="7">
    <subfield code="a">sv&#xE4;tice</subfield>
    <subfield code="2">SNKPH</subfield>
    <subfield code="9">3570</subfield>
  </datafield>
  <datafield tag="650" ind1="0" ind2="7">
    <subfield code="a">&#x17D;idia</subfield>
    <subfield code="2">SNKPH</subfield>
    <subfield code="9">1732</subfield>
  </datafield>
  <datafield tag="650" ind1="0" ind2="7">
    <subfield code="a">holokaust (1939-1945)</subfield>
    <subfield code="2">SNKPH</subfield>
    <subfield code="9">1733</subfield>
  </datafield>
  <datafield tag="650" ind1="0" ind2="7">
    <subfield code="a">obete nacizmu</subfield>
    <subfield code="2">SNKPH</subfield>
    <subfield code="9">3571</subfield>
  </datafield>
  <datafield tag="650" ind1="0" ind2="7">
    <subfield code="a">Women philosophers</subfield>
    <subfield code="2">SNKPHeng</subfield>
    <subfield code="9">3572</subfield>
  </datafield>
  <datafield tag="650" ind1="0" ind2="7">
    <subfield code="a">Christian women saints</subfield>
    <subfield code="2">SNKPHeng</subfield>
    <subfield code="9">3573</subfield>
  </datafield>
  <datafield tag="650" ind1="0" ind2="7">
    <subfield code="a">Jews</subfield>
    <subfield code="2">SNKPHeng</subfield>
    <subfield code="9">1737</subfield>
  </datafield>
  <datafield tag="650" ind1="0" ind2="7">
    <subfield code="a">Holocaust, 1939-1945</subfield>
    <subfield code="2">SNKPHeng</subfield>
    <subfield code="9">1738</subfield>
  </datafield>
  <datafield tag="650" ind1="0" ind2="7">
    <subfield code="a">Victims of Nazism</subfield>
    <subfield code="2">SNKPHeng</subfield>
    <subfield code="9">3574</subfield>
  </datafield>
  <datafield tag="651" ind1=" " ind2="7">
    <subfield code="a">Nemecko</subfield>
    <subfield code="2">SNKPHgeo</subfield>
    <subfield code="9">3575</subfield>
  </datafield>
  <datafield tag="651" ind1=" " ind2="7">
    <subfield code="a">Germany</subfield>
    <subfield code="2">SNKPHeng</subfield>
    <subfield code="9">3576</subfield>
  </datafield>
  <datafield tag="655" ind1=" " ind2="7">
    <subfield code="a">autobiografie</subfield>
    <subfield code="2">SNKPH</subfield>
    <subfield code="9">1792</subfield>
  </datafield>
  <datafield tag="655" ind1=" " ind2="7">
    <subfield code="a">Autobiography</subfield>
    <subfield code="2">SNKPHeng</subfield>
    <subfield code="9">1793</subfield>
  </datafield>
  <datafield tag="700" ind1="1" ind2=" ">
    <subfield code="a">Krankus, Milan</subfield>
    <subfield code="c">(prekladate&#x13E;)</subfield>
    <subfield code="4">trl</subfield>
    <subfield code="4">oth</subfield>
    <subfield code="9">3577</subfield>
  </datafield>
  <datafield tag="958" ind1=" " ind2=" ">
    <subfield code="a">OND</subfield>
  </datafield>
  <datafield tag="958" ind1=" " ind2=" ">
    <subfield code="a">BX</subfield>
  </datafield>
  <datafield tag="958" ind1=" " ind2=" ">
    <subfield code="a">UP</subfield>
  </datafield>
  <datafield tag="952" ind1=" " ind2=" ">
    <subfield code="0">0</subfield>
    <subfield code="1">0</subfield>
    <subfield code="2">udc</subfield>
    <subfield code="4">0</subfield>
    <subfield code="7">0</subfield>
    <subfield code="8">K</subfield>
    <subfield code="a">10000</subfield>
    <subfield code="b">10000</subfield>
    <subfield code="d">2022-10-06</subfield>
    <subfield code="g">11.00</subfield>
    <subfield code="i">21715</subfield>
    <subfield code="l">1</subfield>
    <subfield code="o">B10526</subfield>
    <subfield code="p">B10526</subfield>
    <subfield code="r">2023-05-12</subfield>
    <subfield code="s">2023-04-12</subfield>
    <subfield code="w">2022-10-06</subfield>
    <subfield code="y">KLDO</subfield>
  </datafield>
</record>
